Funkcie vnútropodnikovej komunikácie
Analýza niektorých funkcií vnútropodnikovej komunikácie v systéme riadenia a vedenia ľudí v pracovnej činnosti. Vnútropodniková komunikácia v ekonomickej teórii.
Salvato in:
| Autore principale: | |
|---|---|
| Natura: | Capitolo di libro |
| Lingua: | slovacco |
| Soggetti: | |
| Tags: |
Nessun Tag, puoi essere il primo ad aggiungerne!!
|
MARC
| LEADER | 00000naa$a2200000$$$4500 | ||
|---|---|---|---|
| 001 | 0038014 | ||
| 005 | 20240502071458.0 | ||
| 041 | 0 | |a slo | |
| 044 | |a SK | ||
| 245 | 1 | 0 | |a Funkcie vnútropodnikovej komunikácie |c Miroslava Szarková |
| 520 | |a Analýza niektorých funkcií vnútropodnikovej komunikácie v systéme riadenia a vedenia ľudí v pracovnej činnosti. Vnútropodniková komunikácia v ekonomickej teórii. | ||
| 610 | 2 | 0 | |a komunikácia interná |
| 610 | 2 | 0 | |a komunikácia firemná |
| 610 | 2 | 0 | |a manažéri |
| 610 | 2 | 0 | |a riadenie podnikové |
| 610 | 2 | 0 | |a informácie |
| 610 | 2 | 0 | |a proces pracovný |
| 610 | 2 | 0 | |a prostredie podnikové |
| 100 | 1 | |a Szarková, Miroslava, 1951- | |